Language of a Single Phrase Quiz Stats

 Plays Quiz Updated Sep 19, 2018

Support Sporcle.
Go Orange.
Score 0/30 Timer 07:00
7 Plays Today
Sample Language % Correct
It was the best of times. It was the worst of times.English
99.7%
C'était le meilleur des cas. C'était le pire des temps.French
97.8%
Es war die beste aller Zeiten. Es war die schlimmste Zeit.German
91.3%
這是最好的時代。這是最糟糕的時代。Chinese
85.3%
그것은 시대의 최고였다. 그것은 시대의 최악이다.Korean
72.1%
.كان أفضل الأوقات. كان أسوأ الأوقاتArabic
71.8%
Fue el mejor de los tiempos. Fue el peor de los tiempos.Spanish
71.1%
E 'stato il migliore dei tempi. E 'stato il peggiore dei tempi.Italian
67.1%
これは、時代の最高でした。これは、時代の最悪だった。Japanese
66.2%
Это было лучшее время. Это было худшее из времен.Russian
51.7%
זה היה הטוב שבזמנים, זה היה הרע שבזמניםHebrew
50.5%
Foi o melhor dos tempos. Foi o pior dos tempos.Portuguese
48.7%
Het waren de beste tijden. Het waren de slechtste tijden.Dutch
45.9%
Ήταν η καλύτερη εποχή. Ήταν η χειρότερη εποχή.Greek
43.2%
Det var den bästa av tider. Det var den värsta av tider.Swedish
40.1%
Sample Language % Correct
यह समय की सबसे अच्छी थी. यह समय का सबसे बुरा था.Hindi
33.9%
Nó là tốt nhất của thời đại. Nó là tệ hại nhất của thời đại.Vietnamese
29.1%
มันเป็นสิ่งที่ดีที่สุดครั้ง. มันเป็นชั่วครั้งThai
26%
Det var de beste av tider. Det var de verste av tider.Norwegian
25.3%
Se oli parasta aikaa. Se oli huonointa aikaa.Finnish
21.1%
Það var besti tíminn, það var versti tíminn.Icelandic
20.3%
Ba é an chuid is fearr de uaire. Ba é an measa na huaire.Irish
19.7%
Byla to nejlepší doba, a byla to nejhorší doba.Czech
19.7%
Ito ay ang pinakamahusay na ng beses na. Ito ay ang mga pinakamasama ng beses.Filipino
18.2%
Ilikuwa nyakati bora. Ilikuwa mbaya ya nyakati.Swahili
17.6%
Bu kez en iyisiydi. Bu kez kötü oldu.Turkish
16.2%
Това беше най-най-добрите времена. Това беше най-лошото време.Bulgarian
14.8%
Ishte më të mirë të kohës. Ajo ishte më e keqe e herë.Albanian
7%
See oli parematel aegadel. See oli halvim korda.Estonian
6.1%
Din kienet l-aqwa ta 'drabi. Din kienet l-agħar ta 'drabi.Maltese
4.5%

You're not logged in!

Compare scores with friends on all Sporcle quizzes.
OR
Log In
Forgot?

From the Vault

Percentage Equivalents

by Derek

Science 3m
It's like Yogi Berra said, Sporcle is ninety percent mental and the other half is typing.
Remove Ads.
Support Sporcle.
Get the best of Sporcle when you Go Orange. This ad-free experience offers more features, more stats, and more fun while also helping to support Sporcle. Thank you for becoming a member.

Show Comments

Extras

Top Quizzes Today


Score Distribution

Your Account Isn't Verified!

In order to create a playlist on Sporcle, you need to verify the email address you used during registration. Go to your Sporcle Settings to finish the process.

Report this User

Report this user for behavior that violates our Community Guidelines.

Details: